|
|
|
|
| LEADER |
00000cam a2200000 c 4500 |
| 001 |
272182788 |
| 003 |
DE-627 |
| 005 |
20260206200359.0 |
| 007 |
tu |
| 008 |
990101s1985 gw ||||| 00| ||ger c |
| 015 |
|
|
|a 85,N13,0065
|2 dnb
|
| 015 |
|
|
|a 85,A28,0205
|2 dnb
|
| 016 |
7 |
|
|a 850309395
|2 DE-101
|
| 020 |
|
|
|a 3170082965
|9 3-17-008296-5
|
| 035 |
|
|
|a (DE-627)272182788
|
| 035 |
|
|
|a (DE-603)028711556
|
| 035 |
|
|
|a (DE-576)009858806
|
| 035 |
|
|
|a (DE-599)GBV272182788
|
| 035 |
|
|
|a (OCoLC)230814465
|
| 035 |
|
|
|a (OCoLC)889672026
|
| 035 |
|
|
|a (OCoLC)12796724
|
| 035 |
|
|
|a (DE-604)8003480410
|
| 035 |
|
|
|a (DE-615)00045929
|
| 040 |
|
|
|a DE-627
|b ger
|c DE-627
|e rakwb
|
| 041 |
|
|
|a ger
|
| 044 |
|
|
|c XA-DE
|
| 082 |
0 |
|
|a 320.943
|
| 084 |
|
|
|a POL 713 (10)
|2 sfb
|
| 084 |
|
|
|a POL 675
|2 sfb
|
| 084 |
|
|
|a POL 680
|2 sfb
|
| 084 |
|
|
|a S 975 D-BR
|2 sfb
|
| 084 |
|
|
|a WI 206
|2 sfb
|
| 084 |
|
|
|a S 977 D-DDR
|2 sfb
|
| 084 |
|
|
|a 16
|2 sdnb
|
| 084 |
|
|
|a 16
|a 17
|a 14
|2 sdnb
|
| 084 |
|
|
|a RA05.02
|2 fivr
|
| 084 |
|
|
|a RA05.03
|2 fivr
|
| 084 |
|
|
|a SF01
|2 fivs
|
| 084 |
|
|
|a 3,6
|2 ssgn
|
| 084 |
|
|
|a MG 15000
|2 rvk
|0 (DE-625)rvk/122818:12034
|
| 084 |
|
|
|a MG 10000
|2 rvk
|0 (DE-625)rvk/122815:12034
|
| 084 |
|
|
|a ML 1800
|2 rvk
|0 (DE-625)rvk/123143:
|
| 084 |
|
|
|a 89.30
|2 bkl
|
| 100 |
1 |
|
|a Behr, Wolfgang
|d 1940-
|0 (DE-588)1045054607
|0 (DE-627)773557962
|0 (DE-576)39836169X
|4 aut
|
| 109 |
|
|
|a Behr, Wolfgang 1940-
|
| 245 |
1 |
0 |
|a Bundesrepublik Deutschland - Deutsche Demokratische Republik
|b Systemvergleich Politik, Wirtschaft, Gesellschaft
|
| 250 |
|
|
|a 2., erw. u. aktualisierte Aufl.
|
| 264 |
|
1 |
|a Stuttgart
|a Berlin [u.a.]
|b Kohlhammer
|c 1985
|
| 300 |
|
|
|a 235 S
|b graph. Darst
|
| 336 |
|
|
|a Text
|b txt
|2 rdacontent
|
| 337 |
|
|
|a ohne Hilfsmittel zu benutzen
|b n
|2 rdamedia
|
| 338 |
|
|
|a Band
|b nc
|2 rdacarrier
|
| 583 |
1 |
|
|a Archivierung/Langzeitarchivierung gewährleistet
|f PEBW
|x XA-DE-BW
|2 pdager
|5 DE-24
|
| 583 |
1 |
|
|a Archivierung/Langzeitarchivierung gewährleistet
|f SLG
|x XA-DE-BW
|z BfZ
|2 pdager
|5 DE-24
|
| 650 |
0 |
7 |
|0 (DE-588)4046584-6
|0 (DE-627)106197576
|0 (DE-576)209070137
|a Politisches System
|2 gnd
|
| 650 |
0 |
7 |
|0 (DE-588)4020645-2
|0 (DE-627)106317245
|0 (DE-576)20893426X
|a Gesellschaftsordnung
|2 gnd
|
| 650 |
0 |
7 |
|0 (DE-588)4066475-2
|0 (DE-627)10463720X
|0 (DE-576)20916476X
|a Wirtschaftsordnung
|2 gnd
|
| 650 |
0 |
7 |
|0 (DE-588)4187713-5
|0 (DE-627)104789522
|0 (DE-576)210047631
|a Vergleich
|2 gnd
|
| 650 |
0 |
7 |
|0 (DE-588)4046526-3
|0 (DE-627)106197703
|0 (DE-576)20906997X
|a Politische Bildung
|2 gnd
|
| 650 |
0 |
7 |
|0 (DE-588)4058813-0
|0 (DE-627)10475737X
|0 (DE-576)20912802X
|a Systemvergleich
|2 gnd
|
| 650 |
0 |
7 |
|0 (DE-588)4055722-4
|0 (DE-627)104603372
|0 (DE-576)209115122
|a Soziale Marktwirtschaft
|2 gnd
|
| 650 |
0 |
7 |
|0 (DE-588)4046242-0
|0 (DE-627)104629479
|0 (DE-576)20906871X
|a Planwirtschaft
|2 gnd
|
| 651 |
|
7 |
|0 (DE-588)4011889-7
|0 (DE-627)104732423
|0 (DE-576)208896201
|a Deutschland
|g Bundesrepublik
|2 gnd
|
| 651 |
|
7 |
|0 (DE-588)4011890-3
|0 (DE-627)104732415
|0 (DE-576)20889621X
|a Deutschland
|g DDR
|2 gnd
|
| 689 |
0 |
0 |
|d g
|0 (DE-588)4011890-3
|0 (DE-627)104732415
|0 (DE-576)20889621X
|a Deutschland
|g DDR
|2 gnd
|
| 689 |
0 |
1 |
|d g
|0 (DE-588)4011889-7
|0 (DE-627)104732423
|0 (DE-576)208896201
|a Deutschland
|g Bundesrepublik
|2 gnd
|
| 689 |
0 |
|
|5 (DE-627)
|
| 689 |
1 |
0 |
|d g
|0 (DE-588)4011890-3
|0 (DE-627)104732415
|0 (DE-576)20889621X
|a Deutschland
|g DDR
|2 gnd
|
| 689 |
1 |
1 |
|d s
|0 (DE-588)4058813-0
|0 (DE-627)10475737X
|0 (DE-576)20912802X
|a Systemvergleich
|2 gnd
|
| 689 |
1 |
2 |
|d g
|0 (DE-588)4011889-7
|0 (DE-627)104732423
|0 (DE-576)208896201
|a Deutschland
|g Bundesrepublik
|2 gnd
|
| 689 |
1 |
|
|5 (DE-627)
|
| 689 |
2 |
0 |
|d g
|0 (DE-588)4011889-7
|0 (DE-627)104732423
|0 (DE-576)208896201
|a Deutschland
|g Bundesrepublik
|2 gnd
|
| 689 |
2 |
1 |
|d g
|0 (DE-588)4011890-3
|0 (DE-627)104732415
|0 (DE-576)20889621X
|a Deutschland
|g DDR
|2 gnd
|
| 689 |
2 |
2 |
|d s
|0 (DE-588)4046584-6
|0 (DE-627)106197576
|0 (DE-576)209070137
|a Politisches System
|2 gnd
|
| 689 |
2 |
3 |
|d s
|0 (DE-588)4117663-7
|0 (DE-627)105797510
|0 (DE-576)209511826
|a Wirtschaftssystem
|2 gnd
|
| 689 |
2 |
4 |
|d s
|0 (DE-588)4020645-2
|0 (DE-627)106317245
|0 (DE-576)20893426X
|a Gesellschaftsordnung
|2 gnd
|
| 689 |
2 |
5 |
|d s
|0 (DE-588)4058813-0
|0 (DE-627)10475737X
|0 (DE-576)20912802X
|a Systemvergleich
|2 gnd
|
| 689 |
2 |
|
|5 (DE-627)
|
| 856 |
4 |
2 |
|u http://d-nb.info/850309395/04
|m B:DE-101
|q application/pdf
|v 20130501
|x Verlag
|3 Inhaltsverzeichnis
|7 1
|
| 856 |
4 |
2 |
|u http://scans.hebis.de/HEBCGI/show.pl?02871155_toc.pdf
|m V:DE-605
|q application/pdf
|3 Inhaltsverzeichnis
|7 1
|
| 889 |
|
|
|w (DE-627)025117440
|
| 935 |
|
|
|i mdedup
|
| 935 |
|
|
|i Blocktest
|
| 936 |
r |
v |
|a MG 15000
|b Allgemeines
|k Politologie
|k Politische Systeme einzelner Länder
|k Europa, Nordamerika
|k Westeuropa, Mitteleuropa
|k Bundesrepublik Deutschland
|k Bundesrepublik Deutschland
|k Politisches System (insgesamt)
|k Allgemeines
|0 (DE-627)1271070650
|0 (DE-625)rvk/122818:12034
|0 (DE-576)201070650
|
| 936 |
r |
v |
|a MG 10000
|b Allgemeines
|k Politologie
|k Politische Systeme einzelner Länder
|k Europa, Nordamerika
|k Studien über mehrere Länder
|k Politisches System (insgesamt)
|k Allgemeines
|0 (DE-627)1544510004
|0 (DE-625)rvk/122815:12034
|0 (DE-576)47451000X
|
| 936 |
r |
v |
|a ML 1800
|b DDR (1949-1990)
|k Politologie
|k Die Außenpolitik einzelner Länder
|k Außenpolitische Probleme in Europa und der westlichen Welt
|k (Bundesrepublik) Deutschland
|k Beziehungen zu einzelnen Staaten
|k DDR (1949-1990)
|0 (DE-627)1271025655
|0 (DE-625)rvk/123143:
|0 (DE-576)201025655
|
| 936 |
r |
u |
|a MG 10000
|b Politisches System (insgesamt)
|k Politologie
|k Politische Systeme einzelner Länder
|k Studien über mehrere Länder
|k Politisches System (insgesamt)
|0 (DE-627)1271432188
|0 (DE-576)201432188
|z Ungueltig
|
| 936 |
b |
k |
|a 89.30
|j Politische Systeme: Allgemeines
|0 (DE-627)106413848
|
| 936 |
f |
i |
|0 (DE-627)1756131686
|a RA05.02
|b Bundesrepublik Deutschland
|k Europa
|k Mitteleuropa
|k Bundesrepublik Deutschland
|2 fivr
|
| 936 |
f |
i |
|0 (DE-627)1756131694
|a RA05.03
|b Deutsche Demokratische Republik
|k Europa
|k Mitteleuropa
|k Deutsche Demokratische Republik
|2 fivr
|
| 936 |
f |
i |
|0 (DE-627)1756135738
|a SF01
|b Politisches System/Verfassung
|k Staat
|k Politisches System/Verfassung
|2 fivs
|
| 936 |
s |
n |
|a m100
|2 mzub
|
| 936 |
s |
n |
|a q100
|2 mzub
|
| 936 |
s |
n |
|a m200
|2 mzub
|
| 938 |
1 |
0 |
|0 (DE-627)1756231893
|0 (DE-615)6601028
|a Bundesrepublik Deutschland (1949-1990)
|2 fivt
|
| 938 |
1 |
0 |
|0 (DE-627)1756148260
|0 (DE-615)6603012
|a Deutsche Demokratische Republik
|2 fivt
|
| 938 |
1 |
0 |
|0 (DE-627)1756174946
|0 (DE-615)6605536
|a Politisches System
|2 fivt
|
| 938 |
1 |
0 |
|0 (DE-627)175616651X
|0 (DE-615)6602356
|a Gesellschaftssystem
|2 fivt
|
| 938 |
1 |
0 |
|0 (DE-627)1756235724
|0 (DE-615)6604706
|a Wirtschaftsordnung
|2 fivt
|
| 938 |
1 |
0 |
|0 (DE-627)1756183260
|0 (DE-615)6605019
|a Vergleich
|2 fivt
|
| 938 |
1 |
0 |
|0 (DE-627)175622935X
|0 (DE-615)6608583
|a Politische Bildung
|2 fivt
|
| 938 |
1 |
1 |
|0 (DE-627)1756225206
|0 (DE-615)6601381
|a Legitimation von Herrschaft
|2 fiva
|
| 938 |
1 |
1 |
|0 (DE-627)1756219494
|0 (DE-615)6609978
|a Verfassungsgrundsätze
|2 fiva
|
| 938 |
1 |
1 |
|0 (DE-627)1756157677
|0 (DE-615)6605053
|a Meinungsrichtungen
|2 fiva
|
| 938 |
1 |
1 |
|0 (DE-627)1756173826
|0 (DE-615)6607220
|a Parteiensystem
|2 fiva
|
| 938 |
1 |
1 |
|0 (DE-627)1756177031
|0 (DE-615)6607483
|a Regierungssystem
|2 fiva
|
| 938 |
1 |
1 |
|0 (DE-627)175622532X
|0 (DE-615)6606847
|a Planwirtschaft
|2 fiva
|
| 938 |
1 |
1 |
|0 (DE-627)1756215383
|0 (DE-615)6610084
|a Sozialverfassung
|2 fiva
|
| 938 |
1 |
1 |
|0 (DE-627)1756149984
|0 (DE-615)6602857
|a Verteilungspolitik
|2 fiva
|
| 938 |
1 |
1 |
|0 (DE-627)1756168903
|0 (DE-615)6604856
|a Pluralistische Gesellschaft
|2 fiva
|
| 938 |
1 |
1 |
|0 (DE-627)1756238634
|0 (DE-615)6605500
|a Sozialistisches System/Sozialistische Gesellschaft
|2 fiva
|
| 938 |
1 |
1 |
|0 (DE-627)1756191085
|0 (DE-615)6607463
|a Soziale Beziehungen
|2 fiva
|
| 938 |
1 |
1 |
|0 (DE-627)175616732X
|0 (DE-615)6609071
|a Bilaterale internationale Beziehungen
|2 fiva
|
| 938 |
1 |
1 |
|0 (DE-627)1756145482
|0 (DE-615)6602995
|a Koexistenz von Gesellschaftssystemen
|2 fiva
|
| 938 |
1 |
1 |
|0 (DE-627)1756176809
|0 (DE-615)6608766
|a Marktwirtschaft
|2 fiva
|
| 938 |
1 |
1 |
|0 (DE-627)175622451X
|0 (DE-615)6601366
|a Verteilung des Sozialprodukts
|2 fiva
|
| 951 |
|
|
|a BO
|
| ELC |
|
|
|b 1
|
| LOK |
|
|
|0 000 xxxxxcx a22 zn 4500
|
| LOK |
|
|
|0 001 3206105285
|
| LOK |
|
|
|0 003 DE-627
|
| LOK |
|
|
|0 004 272182788
|
| LOK |
|
|
|0 005 20020607000000
|
| LOK |
|
|
|0 008 930405||||||||||||||||ger|||||||
|
| LOK |
|
|
|0 040
|a DE-21-110
|c DE-627
|d DE-21-110
|
| LOK |
|
|
|0 852
|a DE-21-110
|
| LOK |
|
|
|0 852 1
|c B XVIII 43
|m p
|9 00
|
| LOK |
|
|
|0 935
|a k110
|
| LOK |
|
|
|0 936ln
|a 7.2.5.
|
| LOK |
|
|
|0 938
|k p
|
| LOK |
|
|
|0 939
|a 05-04-93
|b l01
|
| ORI |
|
|
|a SA-MARC-krimdoka001.raw
|
| SIG |
|
|
|a IFK: B XVIII 43
|
| TIM |
|
|
|a 100019491007_100019901002
|b 1949-10-07 - 1990-10-02
|